|
|
|
|
| LEADER |
01405nam a2200397Ia 4500 |
| 001 |
EBC1000647 |
| 003 |
MiAaPQ |
| 005 |
20200520144314.0 |
| 006 |
m o d | |
| 007 |
cr cn||||||||| |
| 008 |
120210s2012 nyu s 001 0 eng d |
| 010 |
|
|
|z 2012005591
|
| 020 |
|
|
|z 0814420303
|
| 020 |
|
|
|z 9780814420300
|
| 020 |
|
|
|z 9780814420317
|
| 035 |
|
|
|a (MiAaPQ)EBC1000647
|
| 035 |
|
|
|a (Au-PeEL)EBL1000647
|
| 035 |
|
|
|a (CaPaEBR)ebr10591013
|
| 035 |
|
|
|a (CaONFJC)MIL388450
|
| 035 |
|
|
|a (OCoLC)808215656
|
| 040 |
|
|
|a MiAaPQ
|c MiAaPQ
|d MiAaPQ
|
| 050 |
|
4 |
|a HD30.3
|b .S5774 2012
|
| 082 |
0 |
4 |
|a 658.4/5
|2 23
|
| 100 |
1 |
|
|a Smith, Paul,
|d 1967 July 3-
|
| 245 |
1 |
0 |
|a Lead with a story
|h [electronic resource] :
|b a guide to crafting business narratives that captivate, convince, and inspire /
|c Paul Smith.
|
| 260 |
|
|
|a New York :
|b American Management Association,
|c c2012.
|
| 300 |
|
|
|a viii, 280 p.
|
| 500 |
|
|
|a Includes index.
|
| 533 |
|
|
|a Electronic reproduction. Ann Arbor, MI : ProQuest, 2015. Available via World Wide Web. Access may be limited to ProQuest affiliated libraries.
|
| 650 |
|
0 |
|a Communication in management.
|
| 650 |
|
0 |
|a Storytelling.
|
| 650 |
|
0 |
|a Leadership.
|
| 650 |
|
0 |
|a Organizational behavior.
|
| 655 |
|
4 |
|a Electronic books.
|
| 710 |
2 |
|
|a ProQuest (Firm)
|
| 856 |
4 |
0 |
|u https://ebookcentral.proquest.com/lib/matrademy/detail.action?docID=1000647
|z Click to View
|